00276 a2200121 4500001000700000020002200007040001100029100001500040240004400055245003900099300000700138362000900145192921 a978-85-7153-271-7 cMagnum aUsai, Remo10aSeu flautim na praça da harmonialpor10aSeu flautim na praça da harmonia a440 a2011